000
00251nam a22001217a 4500
008
170717b xxu||||| |||| 00| 0 eng d
041
_a
eng
080
_a
2
100
_a
24
101
_a
TEO
245
_a
GOD OR GODDESS?
_c
HAUKE, M
942
_2
udc
_c
BK
999
_c
21326
_d
21326